00626nam a2200181 a 450000100100000000500170001000800410002702000150006804000250008308200210010810000420012924500970017126000590026830000280032765000240035565000270037970000380040600000905320240412074209.0090925s2006 dr a 000 p spa d a994516001X aDO-SdBNPbspacBNPHU aRD861.44bC957po1 aCruz Portes, Eduardo Antonio,d1929 -10aPoemas para todas las estaciones /cEduardo Antonio Cruz Portes ; prólogo José Mármol. aPuerto Plata, República Dominicana :bBúho,c2006. a109 p. :bil. ;c22 cm. 0aPoesía dominicana 0aLiteratura dominicana.1 aMármol, José,d1960-epról.